| 000 | 00909nam a2200217Ia 4500 | ||
|---|---|---|---|
| 001 | Para_10450 | ||
| 008 | 220602s9999 xx 000 0 und d | ||
| 090 | _aPA CD - TESIS 475 | ||
| 100 |
_aMartínez Huasanche, Fernando _9130140 |
||
| 245 | _aControl biológico de nemátodos asociados al cultivo del amaranto (Amaranthus hypochondriacus L.) en Cuapiaxtla, Tlaxcala / Fernando Martínez Huasanche; Director Juvencio Cuevas Ojeda | ||
| 260 | _a260)ChapingoChapingo, Méx.: el autor | ||
| 300 | _a1 CDS ROM (91 p.) | ||
| 502 | _aTesis (Ing. Agr. Esp. Parasitología Agrícola). UACH. Departamento Parasitología Agrícola | ||
| 700 |
_aCuevas Ojeda, Juvencio. Director _9175320 |
||
| 710 |
_aUACH Departamento Parasitología AgrícolaÌ _9185010 |
||
| 901 | _aPA CD - TESIS 475 | ||
| 902 | _aM | ||
| 905 | _a513220Noviembre, 2015 anm 8100000000 06 | ||
| 942 | _c2 | ||
| 999 |
_c217280 _d217280 |
||